Notas sobre el desarrollo del capitalismo en la agricultura /
Guardat en:
| Autor principal: | |
|---|---|
| Format: | Text |
| Idioma: | Spanish |
| Matèries: | |
| Etiquetes: |
Afegir etiqueta
Sense etiquetes, Sigues el primer a etiquetar aquest registre!
|
MARC
| LEADER | 00000 a a2200000 04500 | ||
|---|---|---|---|
| 001 | 7981 | ||
| 003 | cru CRAI/IIS | ||
| 005 | 20210428134611.0 | ||
| 008 | 210428b ||||| |||| 00| 0 spa d | ||
| 040 | |c cru CRAI/IIS | ||
| 100 | 1 | |a Jarquín, Edmundo | |
| 245 | 1 | |a Notas sobre el desarrollo del capitalismo en la agricultura / |c Edmundo Jarquín | |
| 650 | 0 | |9 64 |a CAPITALISMO | |
| 650 | 0 | |9 93 |a AGRICULTURA | |
| 650 | 0 | |9 299 |a MIGRACION | |
| 650 | 0 | |9 3193 |a INDUSTRIALIZACION | |
| 773 | |g número 9; páginas 27-35 | ||
| 942 | |2 ddc |c PP | ||
| 999 | |c 26117 |d 26117 | ||
| 773 | 0 | |0 18875 |9 5496 |a Universidad de Costa Rica. |d San José, Costa Rica: Universidad de Costa Rica. Consejo Superior Universitario Centroamericano, 1972- |o 13826 |t Estudios Sociales Centroamericanos / |x 03039676 | |
